000 00447nam a2200169Ia 4500
001 10795
003 IN-NITTTR
005 20251114233100.0
008 251113s9999||||xx |||||||||||||| ||eng||
040 _beng
040 _cIN-NITTTR
041 _aeng
082 _aO25.1 C811F
100 _aCorbett, Edmund V.
245 0 _aFundamentals of library organisation and administration :
_b a practical guide /
_cCorbett, Edmund V.
942 _2ddc
_cBK
999 _c13431
_d13431